000 00519nam a2200217Ia 4500
001 12176
003 GE_BSU
008 181216s||||||||xx |||||||||||||| ||und||
020 _a9780323074445
040 _cGE_BSU
080 _a616.07
100 _aHerring,William
245 _aLearning Radiology. Recognizing the Basis.
260 _aPhiladelphia
260 _bElsevier
260 _c2012
300 _a318p.Ill.28cm.
541 _h114Gel.
653 _aLearning Radiology. Recognizing the Basis
942 _cBK
999 _c45352
_d45352